000 00796nam a2200241Ia 4500
003 OSt
005 20221005133729.0
006 a|||||r|||| 00| 0
007 ta
008 221004b |||||||| |||| 00| 0 pan d
020 _a9788182993006 (hbk)
_c195
024 _a12568
037 _b830, 15/03/2014, H.K. Prakashan
_cTextual
040 _aCRL
_cCRL
_bpan
041 _2pan
_apan
082 _aY:45.3, 153Q3
100 _aਕੁੱਕੜਪਿੱਡੀਆ, ਮੋਹਣ ਸਿੰਘ
245 0 _aਕਾਲਾ ਲਰੂਸ਼ ਲੰਡਨ ਦਾ
260 _c2013
650 _aਸਮਾਜ Fਾਸਤਰ
942 _hY:45.3, 153Q3
_cTEXL
_2cc
999 _c1067713
_d1067713